000 00678nam a2200193 a 4500
008 060316s1990 ||||||||||||||||| || u
020 _a0538802944
050 _aHF 5429 Lus
100 _aLusch, Robert F
245 1 0 _aRetail management
260 _aCincinnati :
_bSouth-West Publishing
_c1990
300 _axiv, 881 p., [16] p. of plates : ill.
350 _a0.00
500 _aIncludes bibliographical references.
650 _aRETAIL TRADE--MANAGEMENT
700 _aDunne, Patrick M
700 _aGable, Myron
995 _D0.00
_FCBU-MAIN LIBRARY (Kitwe)
_H1
_I14.95
_UAVAILABLE
_ZMain Library Open Access Collection
999 _c56413
_d56413